| 000 | 00472nam a2200193Ia 4500 | ||
|---|---|---|---|
| 003 | 0100 | ||
| 005 | 20160914091338.0 | ||
| 008 | 130303s9999 xx 000 0 und d | ||
| 040 | _cARRUPELIB | ||
| 050 | _aPR9387.9.A3935S29 2008 | ||
| 100 |
_aAkpan, Uwem _925799 |
||
| 245 | _aSay you ' re one of them | ||
| 260 | _aLondon | ||
| 260 | _bLittle, Brown and Company | ||
| 300 | _a358p. | ||
| 300 | _b 22cm. | ||
| 650 |
_bEthics _925800 |
||
| 942 |
_2lcc _04 _cMONOGRAPH |
||
| 999 |
_c65531 _d65531 |
||